METODOLOGIA SOCIAL E INVESTIGACION JURIDICA /

INCLUYE BIBLIOGRAFIA E INDICE

Guardado en:
Bibliografiske detaljer
Hovedforfatter: Ursua-Cocke, Eugenio (autor)
Andre forfattere: Segura Ricaño, Juan René (autor) (autor)
Format: Bog
Serier:BIBLIOTECA CIRCULAR. SERIE UNIVERSITARIA
Fag:
Tags: Tilføj Tag
Ingen Tags, Vær først til at tagge denne postø!

MARC

LEADER 00000nam^a2200000^a^4500
001 000234118
005 20250521000000.0
009 20260310104712.021
020 |a 968-895-411-X 
035 |a 057262 
037 |a Acervo Xavier Clavigero 
082 |a 300. 72  |b URS 
100 |a Ursua-Cocke, Eugenio  |e (autor) 
245 1 0 |a METODOLOGIA SOCIAL E INVESTIGACION JURIDICA /  |c EUGENIO URSUA-COCKE, JUAN RENE SEGURA RICAÑO 
264 |a Guadalajara, México :  |b U DE G,  |c 1993 
300 |a 252 p. 
336 |a texto  |b txt  |2 rdacontenido 
337 |a sin mediación  |b n  |2 rdamedio 
338 |a volumen  |b nc  |2 rdasoporte 
440 |a BIBLIOTECA CIRCULAR. SERIE UNIVERSITARIA 
520 |a INCLUYE BIBLIOGRAFIA E INDICE 
649 |a XX 
650 |a Ciencias Sociales -  |x Investigación 
650 |a Ciencias Sociales -  |x Metodología 
650 |a INVESTIGACION LEGAL. 
700 |a Segura Ricaño, Juan René  |e (autor) 
910 |a Fondo General 
920 |a Impresos - Libros 
930 |a Colección General 
905 |a 101 
901 |a 057262  |b IT1  |c ACC  |i 057262  |u 20250521 
902 |a https://opac.biblio.iteso.mx/vufind/Record/000234118